000 01013nam a2200229 i 4500
001 187814
003 ES-MaACL
005 20250728063139.0
008 180309s1896 sp |||| | spa d
245 0 0 _aLaureles y siemprevivas :
_bhomenaje a la memoria del Excmo. Sr. D. José Marco y Sanchis
260 _aMadrid :
_b[s.n.],
_c1896
_f(Imp. Fortanet)
300 _a98 páginas, [1] hoja de lámina :
_c27 cm
530 _aDisponible en formato digital
599 _aLámina: retrato de José Marco y Sanchis
600 1 0 _aMarco, José,
_d1830-1895-
_vHomenajes
_9241406
655 7 _aHomenajes
_2tgfbne
_9226850
852 _aES-MaACL
_cDEPOF
_hDonat. Biblioteca de Palacio, sello cambio-duplicado Real Biblioteca
_jT-930-F-6
856 _uhttp://ciconia.gobex.es/biblioteca/es/consulta/registro.cmd?id=3614
_yVersión en línea
_z(Ciconia. Biblioteca Digital del Patrimonio Cultural de Extremadura)
942 _2udc
_cFOLLETOS
_n0
999 _c187814
_d187814